Vasily Surikov /

Bibliographic Details
Main Author: Kemenov, Vladimir Semenovich
Format: Book
Language:English
Russian
Published: Leningrad : Aurora Art Pub., [1979]
Subjects:

MARC

Tag First Indicator Second Indicator Subfields
LEADER 00000cam a2200000 a 4500
001 in00000085273
005 20151008055822.0
008 801010s1979 ur a b 00010 eng d
035 |a (OCoLC)06808841 
035 |9 AAJ4474AM 
040 |a CLE  |c CLE  |d m.c.  |d TXA  |d UtOrBLW 
041 1 |a eng  |a rus 
049 |a TXAM  |c [387751] 
090 |a ND699.S76  |b K4313 
100 1 |a Kemenov, Vladimir Semenovich. 
245 1 0 |a Vasily Surikov /  |c V. Kemenov ; [translated by A. Shkarovsky-Raffe and Yu. Nemetsky]. 
264 1 |a Leningrad :  |b Aurora Art Pub.,  |c [1979] 
264 4 |c ©1979 
300 |a 1 volume (various pagings) :  |b illustrations (some color) ;  |c 30 cm. 
336 |a text  |b txt  |2 rdacontent 
337 |a unmediated  |b n  |2 rdamedia 
338 |a volume  |b nc  |2 rdacarrier 
504 |a Includes bibliographical references. 
600 1 0 |a Surikov, Vasiliĭ Ivanovich,  |d 1848-1916. 
999 |a MARS 
999 f f |s 4a3f9d7b-8ee1-3551-a8e7-b02e991797ea  |i 21b55252-20dd-3cdb-965a-b3ba11344045  |t 0 
952 f f |p normal  |a Texas A&M University  |b College Station  |c Sterling C. Evans Library  |d Evans: Library Stacks  |t 0  |e ND699.S76 K4313  |h Library of Congress classification  |i unmediated -- volume  |m A14806170062 
998 f f |a ND699.S76 K4313  |t 0  |l Evans: Library Stacks